| 000 | 00470 a2200157 4500 | ||
|---|---|---|---|
| 001 | 68174 | ||
| 082 | _a629.13238 HIL | ||
| 090 |
_c38648 _d38648 |
||
| 100 | _aHill, G. Phillip ; Peterson, Carl R. | ||
| 245 |
_aMechanics and thermodynamics of propulsion, 2nd Ed _cPhillip G Hill . ; Peterson, Carl R. |
||
| 250 | _a2 | ||
| 260 |
_aNY _bAddison Wisley _c1992 |
||
| 300 |
_axii, 765 p. _bphotocopy |
||
| 500 | _aBE textbook Aerospace | ||
| 600 | _aPhilip G Hill | ||
| 942 |
_aNUST-CAE _k629.13238 HIL |
||
| 999 |
_c303247 _d303247 |
||